| 000 | 00346pab a2200145 454500 | ||
|---|---|---|---|
| 008 | 180718b1985 xxu||||| |||| 00| 0 eng d | ||
| 100 | _aKapil, Iris | ||
| 245 | _aCase for injectible contraceptive | ||
| 260 | _c1985 | ||
| 300 | _a854-6 | ||
| 362 | _a11 May | ||
| 650 | _aBirth Control | ||
| 773 | _aEconomic and Political Weekly | ||
| 909 | _a4467 | ||
| 999 |
_c4467 _d4467 |
||